Responses for Show #7454 - Thursday, January 26, 2017

Contestants

[<< previous game]

Josiah Drewien, an engineer and off-grid homesteader from Hayden Lake, Idaho

Christy Karras, a writer and editor from Seattle, Washington

Loren Lee Chen, a basketball podcaster from West Newton, Massachusetts (whose 2-day cash winnings total $36,038)

[next game >>]

Jeopardy! Round responses

OSCAR HOSTS
CHILDREN'S LITERATURE
A BALANCING ACT
"DOO" OR "DY"
THAT'S MY SCIENTIFIC NAME
(Alex: You tell us what kind of animal we're talking about.)
DON'T WEAR IT OUT
    $200 8
Jon Stewart

Josiah
    $200 1
green eggs and ham

Josiah
    $200 3
Libra

Josiah
    $200 12
a doodle

Loren
    $200 24
a horse

Josiah
    $200 28
rollers

Christy
    $400 25
(Alex: With less than a minute to go now.)

Crocodile Dundee

Josiah
    $400 6
Where the Wild Things Are

Josiah
    $400 10
the budget

Josiah
    $400 16
a dynasty

Christy
    $400 23
a swan

Josiah
    $400 29
[The end-of-round signal sounds.]

slippers

Loren
    $600 26
(Steve) Martin

Christy
    $600 7
Pippi Longstocking

Loren
    $600 9
justice

Christy
    $600 17
dynamite

Christy
    $600 13
a fox

Loren
    $600 14
a pedicure

Christy
    $800 27
(Loren: Who is Eddie Murphy?)

Chris Rock

Loren
Triple Stumper
    $800 2
a steam shovel

Loren
    $800 4
carbohydrates

Josiah
    $800 18
doo-wop

Loren
    $800 19
a bee

Josiah
    $800 15
(Loren: What is a shower cap?)

a bathrobe

LorenChristy
    $1000 5
The Lion, the Witch and the Wardrobe

Christy
    $1000 11
(Josiah: What is the cerebrum?)

the cerebellum

ChristyJosiah
    $1000 21
a dynamo

Christy
    $2,000 20
(Josiah: What is a butterfly?)

a blue whale

Josiah
    $1000 22
(Christy: What is a peignoir?)
(Loren: What is an oubliette?)

a negligee

LorenChristy
Triple Stumper

Scores at the first commercial break (after clue 15):

Loren Christy Josiah
$1,400 $4,000 $1,200

Scores at the end of the Jeopardy! Round:

Loren Christy Josiah
$800 $5,800 $1,000

Double Jeopardy! Round responses

QUOTATIONS
THE MIDWEST
UNCROWNED ENGLISH MONARCHS
TV THAT COOKS
WORDS FOR TRAVELERS
ANALYS"S"
    $400 8
(Muhammad) Ali

Loren
    $400 26
Superior

Josiah
    $400 15
Richard III

Christy
    $400 1
Julia Child

Christy
    $400 2
(Alex: Meadowlark Lemon.)

a globetrotter

Josiah
    $400 29
[The end-of-round signal sounds.]

spatter

Loren
    $800 21
praise

Christy
    $800 28
Oktoberfest

Christy
    $800 16
(Josiah: What is Protestantism?)

Catholicism

LorenJosiah
    $800 12
Bobby Flay

Triple Stumper
    $800 9
turista

Triple Stumper
    $800 18
securities

Loren
    $1200 6
(Alex: Very witty lady. "Excuse my [*].")

dust

Triple Stumper
    $3,000 22
Jane Seymour

Christy
    $1200 13
Guy Fieri

Loren
    $2,200 20
Pellegrino

Loren
    $1200 11
(Alex: Yes, and I'm surprised that you got in ahead of our handwriting analyst, Christy, on that one.)

sarcasm

Loren
    $1600 7
Thomas Paine

Christy
    $1600 5
Lawrence Welk

Christy
    $1600 23
(Loren: Who is Edward VII?)

Edward VIII

LorenChristy
    $1600 17
Chopped

Triple Stumper
    $1600 3
Afrikaans

Josiah
    $1600 10
superego

Christy
    $2000 27
fly fishing

Christy
    $2000 25
bread basket

Christy
    $2000 24
(Alex: Less than a minute now.)

empress

Josiah
    $2000 19
the Two Fat Ladies

Triple Stumper
    $2000 4
voyageurs

Triple Stumper
    $2000 14
signal (or signals) intelligence

Christy

Scores at the end of the Double Jeopardy! Round:

Loren Christy Josiah
$6,200 $23,600 $4,600
(lock game)

[wagering suggestions for these scores]

Final Jeopardy! Round responses

20th CENTURY PLAYWRIGHTS
(Alex: The character's name was Willy Loman.)
...
(Alex: [To Christy] Death of a Salesman is his play.)
JosiahWho is ? I♥A
$0
LorenWho is Williams?
$3,001
ChristyWho is A. Miller?
$7,000
Arthur Miller

Final scores:

Loren Christy Josiah
$3,199 $30,600 $4,600
3rd place: $1,000 New champion: $30,600 2nd place: $2,000

Game dynamics:

Coryat scores:

Loren Christy Josiah
$5,200 $21,800 $6,600
13 R
(including 1 DD),
4 W
22 R
(including 1 DD),
1 W
14 R,
3 W
(including 1 DD)

Combined Coryat: $33,600

[game clues] [game scores] [suggest correction]

Game tape date: 2016-09-28
The J! Archive is created by fans, for fans. Scraping, republication, monetization, and malicious use prohibited; this site may use cookies and collect identifying information. See terms. The Jeopardy! game show and all elements thereof, including but not limited to copyright and trademark thereto, are the property of Jeopardy Productions, Inc. and are protected under law. This website is not affiliated with, sponsored by, or operated by Jeopardy Productions, Inc. Join the discussion at JBoard.tv.